[Event "Hessen-chB"]
[Site "Frankfurt"]
[Date "2019.05.31"]
[Round "4"]
[White "Sakhra, Roman"]
[Black "Meyer, Marcel"]
[Result "1-0"]
[WhiteElo "1516"]
[BlackElo "1820"]
[PlyCount "141"]
[EventDate "2019.05.30"]
[EventType "swiss"]
[EventRounds "7"]
[EventCountry "GER"]
[SourceTitle "EXT 2020"]
[Source "ChessBase"]
[SourceDate "2019.10.17"]
[SourceVersion "1"]
[SourceVersionDate "2019.10.17"]
[SourceQuality "1"]

1. d4 d5 2. Nf3 Nf6 3. Bf4 e6 4. e3 c5 5. c3 Nc6 6. Bd3 Bd6 7. Bg3 0-0 8. Nbd2 b6 9. 0-0 Bxg3 10. hxg3 Qc7 11. dxc5 bxc5 12. e4 a5 13. Qe2 Qb6 14. b3 Ba6 15. c4 Nb4 16. Bb1 dxe4 17. Nxe4 Nbd5 18. Qc2 Nxe4 19. Qxe4 Nf6 20. Qh4 Bb7 21. g4 Be4 22. g5 Bxb1 23. gxf6 Bg6 24. Ne5 Rfd8 25. fxg7 Rd4 26. Qh6 Qb7 27. Nxg6 fxg6 28. Rfe1 Re8 29. Re5 Qe7 30. Rae1 Rh4 31. Qe3 Rd4 32. a4 Kf7 33. Rxe6 Qxe6 34. Qxe6+ Rxe6 35. Rxe6 Kxg7 36. Rb6 Rd1+ 37. Kh2 Rb1 38. Rb5 Kf6 39. Rxa5 Rxb3 40. Rxc5 Rb4 41. a5 Ra4 42. Rc6+ Ke5 43. a6 Kd4 44. Kg3 Ra3+ 45. f3 Ke5 46. Kg4 Ra2 47. g3 Ra3 48. f4+ Kd4 49. Kh4 Ke4 50. Rd6 Ra5 51. Kg4 Ke3 52. Rc6 Ke4 53. Re6+ Kd4 54. Rc6 Ke4 55. Kh4 Kf3 56. c5 Ke4 57. Kg5 Kd5 58. Rf6 Kxc5 59. Kh6 Kd4 60. Kxh7 g5 61. f5 Ke5 62. Kg6 g4 63. Re6+ Kd5 64. Kf7 Ra3 65. f6 Rxg3 66. Ke7 Rf3 67. f7 g3 68. Rg6 Re3+ 69. Kf8 Re6 70. Rxg3 Rxa6 71. Kg8 1-0

[Event "Korbach op 9th"]
[Site "Korbach"]
[Date "2017.10.22"]
[Round "7"]
[White "Sakhra, Roman"]
[Black "Mak, Nico"]
[Result "0-1"]
[WhiteElo "1489"]
[BlackElo "1799"]
[PlyCount "64"]
[EventDate "2017.10.19"]
[EventType "swiss"]
[EventRounds "7"]
[EventCountry "GER"]
[SourceTitle "CBM 181 Extra"]
[Source "ChessBase"]
[SourceDate "2017.12.12"]
[SourceVersion "1"]
[SourceVersionDate "2017.12.12"]
[SourceQuality "1"]

1. d4 Nf6 2. Nf3 g6 3. c4 Bg7 4. Nc3 d6 5. e4 0-0 6. Be2 e5 7. d5 a5 8. 0-0 Nbd7 9. b3 Nc5 10. Nd2 Ne8 11. a3 f5 12. f3 Nf6 13. Rb1 f4 14. b4 axb4 15. axb4 Ncd7 16. Nb3 g5 17. c5 Rf7 18. Nb5 Bf8 19. Qc2 Rg7 20. c6 bxc6 21. Qxc6 Nb6 22. Bd2 g4 23. Rbc1 gxf3 24. Rxf3 Nxe4 25. Nxc7 Ra2 26. Rd3 Rxg2+ 27. Kxg2 Qg5+ 28. Kf1 Qh4 29. Rf3 Bh3+ 30. Kg1 Qg5+ 31. Rg3 Nxg3 32. Kf2 Ne4+ 0-1

[Event "Korbach op 9th"]
[Site "Korbach"]
[Date "2017.10.20"]
[Round "3"]
[White "Sakhra, Roman"]
[Black "Basovskiy, Jana"]
[Result "1-0"]
[WhiteElo "1489"]
[BlackElo "1825"]
[PlyCount "81"]
[EventDate "2017.10.19"]
[EventType "swiss"]
[EventRounds "7"]
[EventCountry "GER"]
[SourceTitle "CBM 181 Extra"]
[Source "ChessBase"]
[SourceDate "2017.12.12"]
[SourceVersion "1"]
[SourceVersionDate "2017.12.12"]
[SourceQuality "1"]

1. d4 d5 2. Bf4 Nf6 3. Nf3 e6 4. e3 Be7 5. Bd3 0-0 6. Nbd2 b6 7. 0-0 Bb7 8. Ne5 c5 9. c3 Nbd7 10. Ndf3 Rc8 11. Nxd7 Qxd7 12. Ne5 Qd8 13. Qf3 Ne4 14. Qg4 g6 15. Bh6 Re8 16. f3 Nf6 17. Qf4 c4 18. Bc2 b5 19. a3 Bd6 20. g4 Rc7 21. h4 Bf8 22. Bg5 Bg7 23. Kf2 Qe7 24. Rh1 Rf8 25. Rh3 Ba8 26. Rah1 a5 27. h5 Qd8 28. Bh6 Bxh6 29. Qxh6 Qe8 30. hxg6 fxg6 31. Ke2 Rg7 32. g5 Nh5 33. Bxg6 hxg6 34. Rxh5 gxh5 35. Rxh5 Qxh5 36. Qxh5 Rh7 37. Qg6+ Kh8 38. Qxe6 Kg7 39. f4 Rh2+ 40. Kf3 Rh7 41. f5 1-0

[Event "Korbach op 9th"]
[Site "Korbach"]
[Date "2017.10.20"]
[Round "2"]
[White "Trienekens, Tjark"]
[Black "Sakhra, Roman"]
[Result "1-0"]
[WhiteElo "1865"]
[BlackElo "1489"]
[PlyCount "51"]
[EventDate "2017.10.19"]
[EventType "swiss"]
[EventRounds "7"]
[EventCountry "GER"]
[SourceTitle "CBM 181 Extra"]
[Source "ChessBase"]
[SourceDate "2017.12.12"]
[SourceVersion "1"]
[SourceVersionDate "2017.12.12"]
[SourceQuality "1"]

1. e4 e5 2. Nf3 Nc6 3. Bc4 Bc5 4. c3 Nf6 5. d3 h6 6. b4 Bb6 7. b5 Na5 8. Nxe5 Nxc4 9. Nxc4 d6 10. 0-0 Be6 11. Nbd2 Ng4 12. d4 Qh4 13. Nf3 Qh5 14. Nxb6 axb6 15. e5 dxe5 16. h3 Nf6 17. dxe5 Nd7 18. Re1 Rxa2 19. Rxa2 Bxa2 20. Qa4 Bd5 21. Qa8+ Ke7 22. Qxh8 Qg6 23. Nh4 Qh5 24. e6 Bxe6 25. Ba3+ Nc5 26. Nf3 1-0